| 000 | 00740nam a2200241 a 4500 | ||
|---|---|---|---|
| 008 | |||
| 020 | _a8123901232 (pbk.) | ||
| 049 | _aMAIN | ||
| 090 | _aTA710.A2SEH | ||
| 100 | 1 | _aSehgal, S. B. | |
| 245 | 1 | 0 |
_aA text book of soil mechanics / _cby S. B. Sehgal. |
| 260 |
_a Shahdara, Delhi : _bCBS Pub., _c1984. |
||
| 300 | _a3rd ed. | ||
| 300 |
_aii, 572 p. : _bill. ; _c22 cm. |
||
| 504 | _aIncludes bibliographical references. | ||
| 500 | _aIncludes index. | ||
| 650 | _aSoil mechanics. | ||
| 907 |
_a.b10129029 _b30-03-11 _c28-06-04 |
||
| 003 | |||
| 005 | 20230123133747.0 | ||
| 040 | _cNUST | ||
| 942 |
_cBOOKS _kTA710.A2SEH |
||
| 999 |
_c154162 _d154162 |
||